000 00282nam a22001337a 4500
003 SGT
082 _a616.995
_bB17H
100 _aHAZARIKA, BASANTA
245 _aBEDSIDE RESPIRATORY MEDICINE
250 _a2ND
260 _aINDIA
_bPARS
_c2017
300 _a309
942 _2ddc
_cBK
999 _c14802
_d14802